| 000 | 00569nam a2200169 i 4500 | ||
|---|---|---|---|
| 001 | 24276 | ||
| 003 | ES-MaACL | ||
| 005 | 20230906153023.0 | ||
| 007 | t| | ||
| 008 | 021216n19001999sp ||||1| spa d | ||
| 100 | 1 |
_aAmundsen, Roald. _921353 |
|
| 245 | 1 | 3 |
_aEl Polo Sur _b: la expedición antártica del "Fram" de 1910 a 1912 / _cpor Roald Amundsen ; traducción por P. A. Martín Robles. |
| 260 |
_aMadrid : _b[s.n., _c19--] ( _fImp. de V. Tordesillas) |
||
| 300 |
_a2 t. ; _c23 cm. |
||
| 700 | 1 |
_aMartín Robles, Pedro Antonio. _977632 |
|
| 852 |
_aES-MaACL _jF-14893-94 |
||
| 999 |
_c24276 _d24276 |
||